Statistiques concernant Ville de France

Cliquez ici pour prendre le quiz!

Statistiques générales

  • Ce quiz a été pris 198 fois
  • Le résultat moyen est 9 sur 10

Statistiques - réponses

IndiceRéponce% Correct
CapitaleParis
99%
2ème plus grande villeMarseille
97%
Ville du nordLille
96%
3ème plus grande villeLyon
96%
Ville près de MonacoNice
96%
Ville d'AquitaineBordeaux
92%
Ville du 44Nantes
83%
Ville de la "violette"Toulouse
83%
Ville de LorraineMetz
81%
Ville du CalvadosCaen
78%

Distribution des résultats

Percentile par nombre de réponses

% des personnes avec chaque résultat

Votre développement - résultats

Vous n’avez pas pris ce quiz